Model environmentálne orientovanej logistiky priemyselného podniku
Zohľadnenie vplyvu logistických procesov na životné prostredie. Charakteristika environmentálne orientovanej logistiky priemyselného podniku. Model environmentálne orientovanej logistiky a jeho submodely. Využitie modelu environmentálne orientovanej logistiky priemyselného podniku.
Na minha lista:
| Autor principal: | |
|---|---|
| Outros Autores: | |
| Formato: | Capítulo de Livro |
| Idioma: | eslovaco |
| Assuntos: | |
| Tags: |
Sem tags, seja o primeiro a adicionar uma tag!
|
MARC
| LEADER | 00000naa$a2200000$$$4500 | ||
|---|---|---|---|
| 001 | 0051667 | ||
| 005 | 20231113115510.2 | ||
| 041 | 0 | |a slo | |
| 044 | |a CZ | ||
| 245 | 1 | 0 | |a Model environmentálne orientovanej logistiky priemyselného podniku |c Helena Fidlerová, Peter Sakál |
| 520 | |a Zohľadnenie vplyvu logistických procesov na životné prostredie. Charakteristika environmentálne orientovanej logistiky priemyselného podniku. Model environmentálne orientovanej logistiky a jeho submodely. Využitie modelu environmentálne orientovanej logistiky priemyselného podniku. | ||
| 610 | 2 | 0 | |a logistika |
| 610 | 2 | 0 | |a logistika podniková |
| 610 | 2 | 0 | |a logistika distribučná |
| 610 | 2 | 0 | |a odbyt |
| 610 | 2 | 0 | |a zásobovanie |
| 610 | 2 | 0 | |a výroba |
| 610 | 2 | 0 | |a podnik priemyselný |
| 610 | 2 | 0 | |a ochrana prostredia životného |
| 610 | 2 | 0 | |a modely |
| 100 | 1 | |a Fidlerová, Helena | |
| 700 | 1 | |a Sakál, Peter | |